000 01986cam a22004214i 4500
003 PE-LiUPU
005 20250731184110.0
008 150625s r 000 0 d
020 _a0789913534
035 _a(Sirsi) i9780789913531
040 _aPE-LiUPU
_bspa
_cPE-LiUPU
_erda
049 _aPRUA
082 0 4 _a813.54
_bG25
_221
100 1 _aGarlow, James L.,
_eautor.
245 1 0 _aDescifremos el código Da Vinci :
_busted leyó la ficción, lea ahora la verdad /
_cJames L. Garlow y Peter Jones.
264 1 _aMiami, FL :
_bUnilit,
_c2005.
300 _a253 páginas :
_bilustraciones ;
_c21 centímetros
336 _atext
_2rdacontent
337 _aunmediated
_2rdamedia
338 _avolume
_2rdacarrier
504 _aNotas bibliográficas al final.
505 0 _aEl código que estremeció al mundo. -La segunda mejor idea de Dios. -Las mujeres son más sagrasdas y femeninas que la "divinidad femenina". -Jesús:¿Quién fue en realidad?. -¿Quién está reiventando la historia?. -No se dispare al Canon. -Los evangelios gnósticos o los evangelios del Nuevo Testamento. -Conocimiento secreto. -El Choque de los símbolos. -Descifremos el código Da Vinci.
526 _aP145
526 _aP127
526 _aP97
526 _aP14
526 _aP07
541 _g002-000523;
600 1 _aBrown, Dan.
_d1964-
_xDa Vinci code
600 1 _aJesucristo en la literatura
600 1 _aMaría Magdalena en la literatura
650 0 4 _aCristianismo en la literatura.
942 _2ddc
_cBOOK
949 _a813.54 G25
_wDEWEY
_c1
_i57695
_lCCODEBUL1
_mBUL
_p12.00
_r0
_sY
_tBOOK
_u2015-6-25
_xTEOLOGIA
_zUNKNOWN
_0COMPRA
_o.STAFF. Colección General
994 _aC0
_bPEPRU
596 _a1
999 _a813.54 G25
_wDEWEY
_c46699
_i57695
_f2021-11-11
_g5
_lCCODEBUL1
_mBUL
_p12.00
_r0
_sY
_tBOOK
_u2015-6-25
_xTEOLOGIA
_zUNKNOWN
_0COMPRA
_o.STAFF. Colección General
_d46699
980 _81
_gALBERTO SANCHEZ Responsable de Automatización